00640nam a22001817a 4500003000400000020001800004082001900022100001800041245006800059250000800127260004500135300000800180650001400188653006800202942001200270952015900282999001700441SGT a9780781771047 a616.8554bT10G aGUITAR, BARRY aTREATMENT OF STUTTERING : ESTABLISHED & EMERGING INTERVENTIONS  a1ST aPHILADELPHIA bWOLTERS KLUWER PUB c2010 a448 aAUDIOLOGY aTREATMENT OF STUTTERING : ESTABLISHED & EMERGING INTERVENTIONS  2ddccBK 00102ddc40718MEDICALaFMbFMcREFd2022-11-22eADWELL BOOK COMPNYg9923.00iSGTUl0o616.8554 T10GpFM13414r2022-11-22 00:00:00w2022-09-26yBKk1757 c23459d23459